|
|
|
|
| LEADER |
00000cam a2200000 7i4500 |
| 001 |
0000281417 |
| 005 |
20241113115430.0 |
| 006 |
m ### ##### |
| 007 |
cd# |
| 008 |
2 my d may |
| 040 |
|
|
|a MBPJ
|b eng
|c MBPJ
|e rda
|
| 090 |
0 |
|
|a ADV 002
|
| 110 |
2 |
|
|a Majlis Bandaraya Petaling Jaya
|e issuing body
|
| 245 |
0 |
0 |
|a AGENDA MESYUARAT JAWATANKUASA KEWANGAN, MBPJ .
|n BILANGAN 3 TAHUN 2017 (PENGGAL 2016-2017)
|c Majlis Bandaraya Petaling Jaya
|
| 264 |
|
0 |
|a Petaling Jaya :
|b Majlis Bandaraya Petaling Jaya
|c 2017
|
| 300 |
|
|
|a 1 DVD+RW (4.7GB 16X 120 minutes)
|
| 336 |
|
|
|a text
|2 rdacontent
|
| 337 |
|
|
|a computer
|2 rdamedia
|
| 338 |
|
|
|a computer disc
|2 rdacarrier
|
| 347 |
|
|
|a text file
|b PDF
|2 rda
|
| 500 |
|
|
|a Dokumen terbitan MBPJ - Audio visual minit mesyuarat MBPJ -SULIT-(28/02/2020)
|
| 500 |
|
|
|a Mesyuarat J/K Kewangan MBPJ, Pada 20 Mac 2017 (Isnin) - 9.30 am; Bilik Inai Merah (IT), MBPJ
|
| 500 |
|
|
|a Urusetia 041/3
|
| 999 |
|
|
|a BA0006/20
|b DOKUMEN TERBITAN MBPJ
|c KOLEKSI BAHAN ARKIB
|e PERPUSTAKAAN KOMUNITI PETALING JAYA
|